000 00399nam a2200157Ia 4500
008 230524s9999 xx 000 0 und d
082 _a621.381
_bTHY
100 _aT.Thyagarajan
245 0 _aFundamentals of Electrical & Electronics Engineering
250 _a4TH
260 _aCHENNAI
_bScitch
_c2001
300 _a19.29
500 _aQuantity Number: 2
650 _aElectronics
942 _cBK
999 _c13340
_d13340